| 000 | 00621nam a2200181 i 4500 | ||
|---|---|---|---|
| 001 | 26516 | ||
| 003 | ES-MaACL | ||
| 005 | 20250824063028.0 | ||
| 007 | t| | ||
| 008 | 030109s1928 sp ||||1| spa d | ||
| 100 | 1 |
_aAunós Pérez, Eduardo, _d1894-1967 _923920 |
|
| 245 | 1 | 3 |
_aEl estado corporativo _b: discurso pronunciado en la Unión Patriótica de Madrid el día 16 de abril / _cpor Eduardo Aunós Pérez. |
| 260 |
_aMadrid : _b[s.n, _c1928] ( _fImp. E. Jiménez) |
||
| 300 |
_a68 p. ; _c18 cm. |
||
| 710 | 2 |
_aUnión Patriótica de Madrid. _97051 |
|
| 852 |
_aES-MaACL _j1730-F-20 |
||
| 999 |
_c26516 _d26516 |
||